Mestis-joukkueet: logovisa - Statistics

Yleistilastot
  • Tätä visaa on pelattu 192 kertaa
    92 viimeisimmän päivityksen jälkeen
  • Keskiarvotulos 9 / 10
Vastaustilastot
Kuvavisa Vastaus % Oikein
Helsingin Jokerit
100%
TUTO Hockey
97%
Imatran Ketterä
96%
Kiekko-Vantaa
96%
Kokkolan Hermes
93%
Rovaniemen Kiekko
92%
Nokian Pyry
91%
Iisalmen Peli-Karhut
88%
Joensuun Kiekko-Pojat
88%
KeuPa HT
86%
Ehtoja vastaavia visoja ei löytynyt
Tulosjakauma
Jokaisen tuloksen saaneiden osuus
Persentiili vastausten määrän mukaan
Tuloshistoriasi
Et ole pelannut tätä visaa sen viimeisimmän päivityksen jälkeen